000 01569nam a2200289 a 4500
001 BRCA_2480
005 20190320203829.0
008 211108s1840----sp-a---###---#000-0#spa-u
041 _aspa
044 _asp
084 _a120
_b.V46
_c1840
100 1 _aCervantes Saavedra, Miguel de
_d1547-1616
_9213
245 1 0 _aHistoria de la vida y hechos del Ingenioso Hidalgo Don Quijote de la Mancha
_ccompuesto por Miguel de Cervantes Saavedra.
260 _aMadrid
_bVenta publica
_c1840
300 _a4 v.
_bil.
_c16 cm.
500 _aContenido : v 1. Primera parte. Dedicatoria a Don Quijote por Cide Hamete Benengeli. Versos preliminares. Prólogo del autor. Texto. -- v 2. Texto. -- v 3. Segunda parte. Prólogo del autor. Texto. -- v 4. Texto. Apéndice
500 _aEdición : Ultima edición completisima conforme al original primitivo
500 _aEsta mala edición es copia de la de Madrid del año 1804, con las anteportadas y las láminas que fueron grabadas y retocadas por Miranda, Alvarez y Cobo. Suprime las dos dedicatorias cervantinas. También la impresión, hecha con tipos pequeños y gastados, deja mucho que desear. Semipiel; lomeras decoradas con adornos dorados Lúdovik Osterc
500 _aQM102
650 1 4 _aNovela española
_yÉpoca clásica, 1500-1700
_9215
650 1 4 _aLiteratura española
_yÉpoca clásica, 1500-1700
_9216
650 1 4 _aNovela española
_ySiglo XVII
_9217
650 1 4 _aDon Quijote (Personaje ficticio)
_eNovela
_9218
740 0 _aEl Ingenioso Hidalgo Don Quijote de la Mancha
902 _aQFM
942 _2lcc
_cB
999 _c2221
_d2221